Sổ tay tuyên truyền về biến đổi khí hậu

Những vấn đề chung về biến đổi khí hậu; biến đổi khí hậu trên thế giới và tại Việt Nam; các kịch bản biến đổi khí hậu cho tương lai; tác động của biến đổi khí hậu

Tallennettuna:
Bibliografiset tiedot
Päätekijä: Cục Khí tượng thủy văn và Biến đổi khí hậu
Aineistotyyppi: Kirja
Kieli:Undetermined
Julkaistu: H. Tài nguyên Môi trường & Bản đồ Việt Nam 2017
Aiheet:
Linkit:http://lrc.tdmu.edu.vn/opac/search/detail.asp?aID=2&ID=32914
Tagit: Lisää tagi
Ei tageja, Lisää ensimmäinen tagi!
Thư viện lưu trữ: Trung tâm Học liệu Trường Đại học Thủ Dầu Một
LEADER 01082nam a2200205Ia 4500
001 TDMU_32914
008 210410s9999 xx 000 0 und d
082 |a 378.73 
090 |b C506 
100 |a Cục Khí tượng thủy văn và Biến đổi khí hậu 
245 0 |a Sổ tay tuyên truyền về biến đổi khí hậu 
245 0 |c Cục Khí tượng thủy văn và Biến đổi khí hậu 
260 |a H. 
260 |b Tài nguyên Môi trường & Bản đồ Việt Nam 
260 |c 2017 
300 |a 159 tr 
520 |a Những vấn đề chung về biến đổi khí hậu; biến đổi khí hậu trên thế giới và tại Việt Nam; các kịch bản biến đổi khí hậu cho tương lai; tác động của biến đổi khí hậu 
650 |a Môi trường  |x Biến đổi khí hậu 
856 |u http://lrc.tdmu.edu.vn/opac/search/detail.asp?aID=2&ID=32914 
980 |a Trung tâm Học liệu Trường Đại học Thủ Dầu Một